000 00433cam a2200181 4500
001 D7964
008 090401t1967 xxu||||| |||| 00| 0 eng d
035 _a(Sirsi) u10359
041 _aeng
050 _a346.410432
100 _aPowell-Smith, Vincent
245 4 _aThe law of boundaries and fences
260 _aLondon
_bButterworths
_c1967
300 _axlii. 159p. 23cm
350 _a1.88
942 _n0
948 _c04/03/1997
999 _c86732
_d86732